00498nam a22001692 45000010011000000030004000110050017000150080041000320200017000730400015000902450107001052500014002122600036002263000029002626500016002917000021003070000024869OSt20190228115211.0140320s xx 000 0 eng d a0071316903 : aKABUcKABU10aFinancial & managerial accounting :bthe basis for business decisions /cJan R. Williams ... [et al.]. a16th ed. aNew York :bMcGraw-Hill,c2012. a1 v. (various pagings) ; 0aAccounting.1 aWilliams, Jan R.